| 000 | 00951cam a22002777a 4500 | ||
|---|---|---|---|
| 003 | CHAP | ||
| 005 | 20220329142335.0 | ||
| 008 | 000818d mx a r 00110 spa d | ||
| 010 | _a82031 | ||
| 011 | _a83003 | ||
| 035 | _a93511 | ||
| 040 | _cCHAP | ||
| 090 | _aFolleto 16017 | ||
| 110 | 2 |
_aNacional Financiera. México _980005 |
|
| 245 | 1 | 0 |
_aAspectos básicos para elaborar el estudio de factibilidad de un proyecto de inversión : _bun apoyo para empresarios de la pequeña y mediana industria _c/por Nacional Financiera |
| 260 |
_aMéxico, D. F. : _bNacional Financiera, _c[2000]. |
||
| 300 |
_a8 p. : _bilus. |
||
| 590 |
_aBATCH-UPD _b10 _c20130110 _lUCH01 _h1258 |
||
| 590 |
_aCONVERSION _b10 _c20130109 _lUCH01 _h1346 |
||
| 650 | 1 | 4 |
_aEstudios de factibilidad. _938520 |
| 650 | 1 | 4 |
_aProyectos industriales. _992531 |
| 901 | _aBK | ||
| 905 | _aLilia Sánchez G. | ||
| 942 | _cFOLL | ||
| 949 |
_aFolleto 16017 _bBC _cFOLL _d935111 _eTS1 _i93511 _sb |
||
| 999 |
_c82031 _d82031 |
||